000 00721nam a2200229 a 4500
005 20160210151420.0
008 140317b1987 ||||| |||| 00| 0 spa d
040 _aCO-BoIAVH
_cCO-BoIAVH
041 _aspa
082 0 4 _a635.977
_bR48m
100 1 _aRicardi, M:
_922335
245 1 _aMorfología de plántulas de árboles de los bosques del estado de Mérida, Venezuela
260 _aMérida
_bUniversidad de los Andes
_c1987
300 _a423 paginas.
_bilustraciones ;
_c22 x16 cm.
650 4 _aMorfología de plátulas
_958642
650 4 _aArboles
_958643
650 6 _aClases de árboles
_958644
700 1 _aHernández, C.
_922336
700 1 _aTorres, F.
_922337
942 _cLIBRO
_2ddc
945 _d2005-11-28
999 _c4892
_d4892